Test Cricket Grounds - Statistics

General Stats
  • This quiz has been taken 41 times
    35 since last reset
  • The average score is 83 of 124
Answer Stats
Nation City # Tests % Correct
Australia Melbourne Cricket Ground, Melbourne 116
100%
Adelaide Oval, Adelaide 82
96%
Sydney Cricket Ground, Sydney 111
96%
New Zealand Basin Reserve, Wellington 68
93%
Buffalo Park, East London 1
93%
England Lord's, London 147
93%
South Africa Newlands Cricket Ground, Cape Town 60
93%
Old Trafford Cricket Ground, Manchester 85
93%
Perth Stadium, Perth 4
93%
The Oval, London 107
93%
WACA Ground, Perth 44
93%
Arun Jaitley Stadium, Delhi 35
89%
Bombay Gymkhana Ground, Mumbai 1
89%
Brabourne Stadium, Mumbai 18
89%
Brisbane Exhibition Ground, Brisbane 2
89%
Eden Park, Auckland 50
89%
Headingley Cricket Ground, Leeds 81
89%
Ireland Malahide Cricket Club Ground, Dublin 1
89%
Manuka Oval, Canberra 1
89%
(Wales) Sophia Gardens, Cardiff 3
89%
The Gabba, Brisbane 66
89%
Trent Bridge, Nottingham 66
89%
Wankhede Stadium, Mumbai 26
89%
Bangabandhu National Stadium, Dhaka 17
86%
Bellerive Oval, Hobart 14
86%
Edgbaston Cricket Ground, Birmingham 56
86%
Hagley Oval, Christchurch 13
86%
Lancaster Park, Christchurch 40
86%
Narendra Modi Stadium, Ahmedabad 15
86%
Bagh-e-Jinnah, Lahore 3
82%
India Eden Gardens, Kolkata 42
82%
Gaddafi Stadium, Lahore 41
82%
Lal Bahadur Shastri Stadium, Hyderabad 3
82%
Niaz Stadium, Hyderabad 5
82%
Rajiv Gandhi International Cricket Stadium, Hyderabad 6
82%
Rose Bowl, Southampton 7
82%
(Northern Ireland) Stormont, Belfast
82%
Colombo Cricket Club Ground, Colombo 3
79%
Dubai International Cricket Stadium, Dubai 13
79%
Ellis Park Stadium, Johannesburg 6
79%
Zimbabwe Harare Sports Club Ground, Harare 39
79%
Jawaharlal Nehru Stadium, Chennai 9
79%
M. A. Chidambaram Stadium, Chennai 34
79%
Maharashtra Cricket Association Stadium, Pune 2
79%
Marrara Oval, Darwin 2
79%
Pakistan National Stadium, Karachi 47
79%
New Wanderers Stadium, Johannesburg 44
79%
Old Wanderers, Johannesburg 22
79%
Paikiasothy Saravanamuttu Stadium, Colombo 22
79%
Pindi Club Ground, Rawalpindi 1
79%
Rawalpindi Cricket Stadium, Rawalpindi 15
79%
Riverside Ground, Chester-le-Street 6
79%
R. Premadasa Stadium, Colombo 9
79%
Seddon Park, Hamilton 28
79%
United Arab Emirates Sheikh Zayed Cricket Stadium, Abu Dhabi 15
79%
Sri Lanka Singhalese Sports Club Cricket Ground, Colombo 45
79%
Southend Club Cricket Stadium, Karachi 1
79%
Tolerance Oval, Abu Dhabi 1
79%
Galle International Stadium, Galle 44
75%
Ibn-e-Qasim Bagh Stadium, Multan 1
75%
Multan Cricket Stadium, Multan 6
75%
Jamaica Sabina Park, Kingston 54
75%
BRSABV Ekana Cricket Stadium, Lucknow 1
71%
Carisbrook, Dunedin 10
71%
K. D. Singh Babu Stadium. Lucknow 1
71%
Kingsmead Cricket Ground, Durban 45
71%
Lord's No. 1 Ground, Durban 4
71%
Mangaung Oval, Bloemfontein 5
71%
M. Chinnaswamy Stadium, Bengaluru 24
71%
Sawai Mansingh Stadium, Jaipur 1
71%
University Ground, Lucknow 1
71%
University of Otago Oval, Dunedin 8
71%
Cazalys Stadium, Cairns 2
68%
Trinidad and Tobago Queen's Park Oval, Port of Spain 63
68%
Saurashtra Cricket Association Stadium, Rajkot 3
68%
Sharjah Cricket Stadium, Sharjah 9
68%
Barbados Kensington Oval, Bridgetown 55
64%
Vidarbha Cricket Association Ground, Nagpur 9
64%
Vidarbha Cricket Association Stadium, Nagpur 7
64%
Asgiriya Stadium, Kandy 21
61%
Guyana Bourda, Georgetown 30
61%
Bramall Lane, Sheffield 1
61%
Bulawayo Athletic Club Ground, Bulawayo 1
61%
Centurion Park, Centurion 29
61%
M. A. Aziz Stadium, Chattogram 8
61%
Queens Sports Club Ground, Bulawayo 25
61%
Zohur Ahmed Chowdhury Stadium, Chattogram 24
61%
Arbab Niaz Stadium, Peshawar 6
57%
Green Park Stadium, Kanpur 23
57%
JSCA International Stadium Complex, Ranchi 3
57%
Peshawar Club Ground, Peshawar 1
57%
Dr. Y. S. Rajasekhara Reddy International Cricket Stadium, Visakhapatnam 3
54%
Holkar Stadium, Indore 3
54%
Iqbal Stadium, Faisalabad 24
54%
Sylhet International Cricket Stadium, Sylhet 3
54%
Himachal Pradesh Cricket Association Stadium, Dharamshala 2
50%
Inderjit Singh Bindra Stadium, Mohali 14
50%
McLean Park, Napier 10
50%
Sector 16 Stadium, Chandigarh 1
50%
Bangladesh Sher-e-Bangla National Cricket Stadium, Mirpur 27
50%
St George's Park, Gqeberha 32
50%
Antigua and Barbuda Antigua Recreation Ground, St. John's 22
46%
Sir Vivian Richards Stadium, St. John's 12
46%
Barabati Stadium, Cuttack 2
43%
Senwes Park, Potchefstroom 2
39%
Saint Kitts and Nevis Warner Park Stadium, Basseterre 3
39%
Khan Shaheb Osman Ali Stadium, Fatullah 2
36%
Grenada National Cricket Stadium, St George's 4
36%
Pallekele International Cricket Stadium, Pallekele 9
36%
Rajiv Gandhi International Cricket Stadium, Dehradun 1
36%
Saint Vincent and the Grenadines Arnos Vale Stadium, Kingstown 3
32%
Jinnah Stadium, Sialkot 4
32%
Providence Stadium, Providence 3
32%
Dominica Windsor Park, Roseau 6
32%
Bay Oval, Tauranga 5
29%
Gandhi Stadium, Jalandhar 1
29%
Jinnah Stadium, Gujranwala 1
29%
De Soysa Stadium, Moratuwa 4
21%
Sheikh Abu Naser Stadium, Khulna 3
21%
Sheikhupura Stadium, Sheikhupura 2
21%
Bahawal Stadium, Bahawalpur 1
18%
Saint Lucia Darren Sammy Cricket Ground, Rodney Bay 10
18%
Shaheed Chandu Stadium, Bogra 1
14%
Shaheed Vijay Singh Pathik Sports Complex, Greater Noida 1
14%
No matching quizzes found
Score Distribution
Percent of People with Each Score
Percentile by Number Answered
Your Score History
You have not taken this quiz since the last reset